00417nam a2200145Ia 4500008004100000020001800041041000800059082001500067100003800082245004400120250000600164260006100170300001300231650002700244210716s2008 xx 000 0 und d a9780070248922 aeng a620.5 SAHV aSahni, Vishal;Goswami, Debabrata. aNanocomputing: the future of computing. a1 aNew DelhibTata McGraw Hill Publishing Company Ltdc2008 axxii,174 aNano Technology(620.5)